| 000 | 00566nam a2200193Ia 4500 | ||
|---|---|---|---|
| 008 | 191130s2008##################000#0#eng## | ||
| 020 | _a9781933699349 | ||
| 040 |
_aACL _cACL |
||
| 082 | _a579.2805 GOV | ||
| 100 | _aGovind P. Rao | ||
| 245 |
_aCharacterization diagnosis and management of plant viruses: grain crops and ornamentals _cGovind P. Rao |
||
| 260 |
_aUSA _c2008 |
||
| 300 | _axii, 320p Pictures 24cms | ||
| 500 | _aIncludes index | ||
| 650 | _aPlant viruses | ||
| 990 | _ad7a816adac10000c35264c95b82ed285 | ||
| 991 | _a239258 | ||
| 999 |
_c126713 _d126713 |
||